| 000 | 00529nam a22001817a 4500 | ||
|---|---|---|---|
| 003 | CEME | ||
| 005 | 20210628205656.0 | ||
| 008 | 210312b xxu||||| |||| 00| 0 eng d | ||
| 020 | _a0-07-016700-1 | ||
| 040 | _c. | ||
| 082 | _a620.118 HYE | ||
| 100 |
_aHyer, Michael.W _940920 |
||
| 245 | _aStress analysis of fiber-reinforced composite materials | ||
| 260 |
_aNEWYORK _bMCGRAW HILL _c1998 |
||
| 300 | _a626P | ||
| 650 |
_aCOMPOSITE MATERIALS FIBROUS COMPOSITE FIBER-REINFORCED COMPOSITE MATERIALS _976596 |
||
| 942 |
_cBK _2ddc |
||
| 999 |
_c581954 _d581954 |
||